| 000 | 00373cam a2200157ua 4500 | ||
|---|---|---|---|
| 003 | OSt | ||
| 008 | 240119b |||||||| |||| 00| 0 eng d | ||
| 041 | _aeng | ||
| 082 |
_a828.09 _bMUL/GE |
||
| 100 |
_aMallik, B R . _95756 |
||
| 245 | _aGeorge Eliot`s Adame Bede / | ||
| 250 | _a1 / | ||
| 260 |
_aNew Delhi : _bS.Chand & Sons , _c1961. |
||
| 300 | _a30 ; . | ||
| 942 | _cBK | ||
| 999 |
_c2365 _d2365 |
||